US States By Motto - Statistics

General Stats
  • This quiz has been taken 284 times
  • The average score is 12 of 50
Answer Stats
Answer % Correct
North to the Future Alaska
30%
Eureka California
28%
Live free or die New Hampshire
28%
Excelsior New York
28%
Liberty and union, now and forever, one and inseparable and Serit ut alteri saeclo prosit North Dakota
28%
L'étoile du Nord Minnesota
27%
Al-ki Washington
27%
Si quaeris peninsulam amoenam circumspice Michigan
26%
Crescit eundo New Mexico
26%
Alis volat propriis Oregon
26%
Nil sine numine Colorado
25%
Wisdom, Justice, Moderation Georgia
25%
Ua mau ke ea o ka ʻāina i ka pono Hawaii
25%
The Crossroads of America Indiana
25%
Hope Rhode Island
25%
Equal Rights Wyoming
25%
Regnat populus Arkansas
24%
Qui transtulit sustinet Connecticut
24%
Ense petit placidam sub libertate quietem Massachusetts
24%
Salus populi suprema lex esto Missouri
24%
Friendship Texas
24%
Industry Utah
24%
Esto perpetua Idaho
23%
Ad Astra Per Aspera Kansas
23%
Oro y plata Montana
23%
Dum spiro spero, Animis opibusque parati South Carolina
23%
Agriculture and Commerce Tennessee
23%
Sic semper tyrannis Virginia
23%
Montani semper liberi West Virginia
23%
Forward Wisconsin
23%
Audemus jura nostra defendere Alabama
22%
Liberty and Independence Delaware
22%
In God we trust Florida
22%
Our liberties we prize and our rights we will maintain Iowa
22%
Dirigo Maine
22%
Fatti maschii, parole femine Maryland
22%
All For Our Country Nevada
22%
Ditat Deus Arizona
21%
Equality before the law Nebraska
21%
Liberty and prosperity New Jersey
21%
With God, All things are possible Ohio
21%
Freedom and Unity and Stella quarta decima fulgeat Vermont
21%
Under God the people rule South Dakota
20%
State sovereignty, national union Illinois
19%
Union, justice, confidence Louisiana
19%
Labor omnia vincit Oklahoma
19%
Virtue, liberty, and independence Pennsylvania
19%
United we stand, divided we fall and Deo gratiam habeamus Kentucky
18%
Esse quam videri North Carolina
18%
Virtute et armis Mississippi
17%
No matching quizzes found
Score Distribution
Percent of People with Each Score
Percentile by Number Answered
Your Score History
You have not taken this quiz